00858nam a2200229 a 450000100100000000500170001000800410002702000150006804000130008308200170009610000520011324501110016526000720027630000210034849000260036950400730039563000350046865000220050365000260052570000510055183000260060200000542320200929151655.0090819s2000 es 000 0 spa d a8400079914 aDO-SdBNP a863.4bF363n1 aFernández Gutiérrez, José María,d1942-13aLa novela semanal /cJosé María Fernandez Gutiérrez ; prólogo Alberto Sánchez Álvarez-Insúa. aMadrid :bConsejo Superior de Investigaciones Científicas,c2000. a209 p. ;c22 cm.1 aLiteratura breve ;v5 aIncluye referencias bibliográficas y notas al pie de las páginas34aLA NOVELA SEMANALxCOMENTARIOS 4aNovela española 4aLiteratura española14aSánchez Álvarez-Insúa, Alberto,epról. 0aLiteratura breve ;v5